| 000 | 00719nam a2200193Ia 4500 | ||
|---|---|---|---|
| 005 | 20260429112244.0 | ||
| 008 | 260429s9999||||xx |||||||||||||| ||und|| | ||
| 020 | _a9788184355628 | ||
| 041 | _aHindi | ||
| 082 |
_a954.02 _bMIS |
||
| 100 | _aमिश्र, कौस्तुभ नारायण | ||
| 245 | 0 |
_aसमकालीन भारत : _bएक सामयिक भूराजनीतिक विश्लेषण / _cकौस्तुभ नारायण मिश्र |
|
| 250 | _a0 | ||
| 260 |
_aनई दिल्ली : _bअध्ययन पब्लिशर, _c2018. |
||
| 300 | _axlvii, 350 p.; Hb | ||
| 440 | _vखंड- 1 | ||
| 650 | _aHindi Literature | ||
| 942 | _cTB | ||
| 999 |
_c53150 _d53150 |
||